| 000 | 00367nam a2200109Ia 4500 | ||
|---|---|---|---|
| 008 | 171211s9999 xx 000 0 und d | ||
| 245 | _aConcept Mapping : A Critical-thinking Approach to Care Planning, Fourth Edition | ||
| 245 | _cPamela McHugh Schuster PhD RN FNP-BC | ||
| 260 | _c2016 | ||
| 650 | _xFITNESS | ||
| 856 | _uhttp://down.ebook777.com/061/9780803638488.pdf | ||
| 999 |
_c349103 _d349103 |
||